000 00553nam a2200181 4500
001 137987
003 ES-MaACL
005 20250929063205.0
007 t|
008 070214s1969 sp r ||||1| spa d
100 1 _aSánchez Gil, Mariano,
_d1915-2008
_9171615
245 1 0 _aNaturaleza y evolución de la función empresarial /
_cM. Sánchez Gil.
260 _aMadrid :
_bAguilar,
_c1969.
300 _aXXVII, 562 p. ;
_c22 cm.
852 _aES-MaACL
_jC-38392
_bR.71105
852 _aES-MaACL
_jC-38368
_bR.70913
999 _c137987
_d137987